000 00781nam a22002537a 4500
999 _c122479
_d122479
003 dpl
005 20190125173334.0
008 190125b ||||| |||| 00| 0 eng d
010 _aB-042613
020 _a8178060019
_c96.00
035 _aB-042613, B-042640
037 _bCen Lib/Ret
040 _aDPL
_bEN
_c0
082 _a615.532
_bBAL
100 _aBalakrishnan, E.
_920224
245 _aHomoeopathy :
_bthe scientific medicine /
_cby Balakrishnan E.
260 _aNew Delhi
_bUnicorn Books
_c2000
270 _aF-2/16, Ansari Road, Daryaganj
_bNew Delhi
_e110002
300 _a139p.:
_c24cm(Hb)
500 _aIncludes bibliographic references and index
650 _aMedicine
_93881
650 _aHomoeopathy
_972110
942 _2ddc
_cEN
_h615.532
_mBAL